| 000 | 00570nai a2200181Ia 4500 | ||
|---|---|---|---|
| 003 | IN-BaIIA | ||
| 008 | 211028c9999 xx s 000 0 eng d | ||
| 022 | _a1543-8384 (Print) | ||
| 022 | _a1543-8392 (Online) | ||
| 040 | _cIIA Library | ||
| 245 | 0 |
_aMolecular Pharmaceutics _h[eJournal] |
|
| 260 |
_aWashington DC _bACS Publications |
||
| 310 | _aMonthly | ||
| 362 | _a1(1); 2004 - Present | ||
| 521 | _bSubscribed through National Knowledge Resource Consortium (NKRC) | ||
| 856 |
_uhttps://pubs.acs.org/journal/mpohbp _yClick Here to Access eJournal |
||
| 942 | _cEJ | ||
| 999 |
_c35370 _d35370 |
||